تطور رسوم الطفل التعبيرية من الطفولة الى المراهقة / (رقم التسجيلة. 147205)
[ عرض عادي ]
| 000 -LEADER | |
|---|---|
| fixed length control field | 00671nam a22002057a 4500 |
| 005 - DATE AND TIME OF LATEST TRANSACTION | |
| control field | 20251108180006.0 |
| 008 - FIXED-LENGTH DATA ELEMENTS--GENERAL INFORMATION | |
| fixed length control field | 250721s2017 xx 000 0 ara d |
| 082 14 - DEWEY DECIMAL CLASSIFICATION NUMBER | |
| Classification number | 741.019/مهن |
| 100 1# - MAIN ENTRY--PERSONAL NAME | |
| Personal name | المهنا، عبدالله مهنا |
| 245 10 - TITLE STATEMENT | |
| Title | تطور رسوم الطفل التعبيرية من الطفولة الى المراهقة / |
| 250 ## - EDITION STATEMENT | |
| Edition statement | ط.2 |
| 264 1# - PRODUCTION, PUBLICATION, DISTRIBUTION, MANUFACTURE, AND COPYRIGHT NOTICE | |
| Place of production, publication, distribution, manufacture | الكويت : |
| Name of producer, publisher, distributor, manufacturer | مكتبة الفلاح للنشر و التوزيع، |
| Date of production, publication, distribution, manufacture, or copyright notice | 2017. |
| 300 ## - PHYSICAL DESCRIPTION | |
| Extent | 351ص. |
| 650 17 - SUBJECT ADDED ENTRY--TOPICAL TERM | |
| Topical term or geographic name as entry element | الرسم |
| 650 17 - SUBJECT ADDED ENTRY--TOPICAL TERM | |
| Topical term or geographic name as entry element | الرسومات |
| 650 17 - SUBJECT ADDED ENTRY--TOPICAL TERM | |
| Topical term or geographic name as entry element | فلسفة الفنون |
| 650 17 - SUBJECT ADDED ENTRY--TOPICAL TERM | |
| Topical term or geographic name as entry element | سيكولوجيا الاطفال |
| 942 ## - ADDED ENTRY ELEMENTS (KOHA) | |
| Source of classification or shelving scheme | Dewey Decimal Classification |
| Koha item type | كتب |
| حالة السحب | حالة الفقدان | مصدر التصنيف | حالة التلف | غير قابل للإعارة | المكتبة الرئيسية | المكتبة الحالية | موقع الرف | تاريخ التزويد | الرقم المتسلسل | Total Checkouts | رقم الإستدعاء | الباركود | تاريخ آخر ظهور | تاريخ الفاتورة | نوع المادة (كوها) |
|---|---|---|---|---|---|---|---|---|---|---|---|---|---|---|---|
| Dewey Decimal Classification | المكتبة المركزية | المكتبة المركزية | الإعارة | 28/07/2025 | 1792154 | 741.019/مهن | PLD00514409 | 28/07/2025 | 28/07/2025 | كتب | |||||
| Dewey Decimal Classification | مكتبة أم قصير والمقابلين العامة | مكتبة أم قصير والمقابلين العامة | الإعارة | 04/02/2025 | 1792158 | 741.019/مهن | PLD00514663 | 28/07/2025 | 04/02/2025 | كتب | |||||
| Dewey Decimal Classification | مكتبة الأميرة ايمان العامة | مكتبة الأميرة ايمان العامة | الإعارة | 04/02/2025 | 1792155 | 741.019/مهن | PLD00514660 | 28/07/2025 | 04/02/2025 | كتب | |||||
| Dewey Decimal Classification | مكتبة صويلح العامة | مكتبة صويلح العامة | الإعارة | 04/02/2025 | 1792157 | 741.019/مهن | PLD00514662 | 28/07/2025 | 04/02/2025 | كتب | |||||
| Dewey Decimal Classification | مكتبة وادي السير العامة | مكتبة وادي السير العامة | الإعارة | 04/02/2025 | 1792156 | 741.019/مهن | PLD00514661 | 28/07/2025 | 04/02/2025 | كتب |